Historia del reinado de Guillermo III (Record no. 158377)

MARC details
000 -LEADER
campo de control de longitud fija 01014nam a2200229 i 4500
001 - NÚMERO DE CONTROL
campo de control 158377
003 - IDENTIFICADOR DE NÚMERO DE CONTROL
campo de control ES-MaACL
005 - FECHA Y HORA DE LA ÚLTIMA TRANSACCIÓN
campo de control 20250905155429.0
008 - DATOS DE LONGITUD FIJA--INFORMACIÓN GENERAL
campo de control de longitud fija 950111s1886 sp |||| | spa d
040 ## - FUENTE DE CATALOGACIÓN
Centro catalogador/agencia de origen CARM
Lengua de catalogación spa
100 0# - ENTRADA PRINCIPAL--NOMBRE DE PERSONA
Nombre de persona Macaulay, Thomas Babington Macaulay
Títulos y otros términos asociados al nombre Baron.
9 (RLIN) 75067
245 10 - MENCIÓN DEL TÍTULO
Título Historia del reinado de Guillermo III
Resto del título : continuación de la Revolución de Inglaterra /
Mención de responsabilidad, etc. por Lord Macaulay ; traducción castellana de Daniel Lopez.
260 ## - PUBLICACIÓN, DISTRIBUCIÓN, ETC.
Lugar de publicación, distribución, etc. Madrid :
Nombre del editor, distribuidor, etc. Luis Navarro,
Fecha de publicación, distribución, etc. 1886 (
Fabricante Establecimiento Tipografico "Sucesores de Rivadeneira")
300 ## - DESCRIPCIÓN FÍSICA
Extensión 6 v. ;
Dimensiones 18 cm.
490 1# - MENCIÓN DE SERIE
Mención de serie Biblioteca Clasica ;
Designación de volumen o secuencia 87-92
597 ## - NOTA DE DESCRIPCIÓN FÍSICA
NOTA DE DESCRIPCIÓN FÍSICA Vol.I(368 p.)--Vol.II(408 p.)--Vol.III(386 p.)--Vol.IV(379 p.) --Vol.V(399 p.)--Vol.VI(359 p.)
651 #4 - PUNTO DE ACCESO ADICIONAL DE MATERIA--NOMBRE GEOGRÁFICO
Nombre geográfico Gran Bretaña-
Subdivisión general Historia-
Subdivisión cronológica 1689-1702, Guillermo III y María II.
9 (RLIN) 162243
700 1# - ENTRADA AGREGADA--NOMBRE PERSONAL
Nombre de persona López, Daniel,
Fechas asociadas al nombre 1859-1933
9 (RLIN) 162244
830 0# - PUNTO DE ACCESO ADICIONAL DE SERIE-TÍTULO UNIFORME
Título uniforme Biblioteca Clasica ;
Designación de volumen o secuencia 87-92
9 (RLIN) 180370
852 ## - LOCALIZACIÓN
Ubicación ES-MaACL
Número de control de estantería F-13142-47
Nota libre -- Enc. tela
Holdings
Estatus retirado Estado de pérdida Estado de daño No para préstamo Colección Biblioteca de origen Biblioteca actual Ubicación en estantería Fecha de adquisición Total de préstamos Signatura topográfica completa Código de barras Visto por última vez Precio de reemplazo Tipo de ítem Koha
        Libros del s. XIX Biblioteca del Ateneo de Madrid Biblioteca del Ateneo de Madrid Sala Pecera Planta 2 17/01/2008   F-13142-47 1165761 23/02/2023 23/02/2023 Libro impreso antiguo